<?xml version="1.0" encoding="UTF-8"?>
<marc:record xmlns:marc="http://www.loc.gov/MARC21/slim">
   <marc:leader>00000nam a2200000 a 4500</marc:leader>
   <marc:datafield ind1="1" ind2=" " tag="100">
      <marc:subfield code="a">Dürrenmatt, Friedrich</marc:subfield>
      <marc:subfield code="4">aut</marc:subfield>
      <marc:subfield code="e">Verfasser/-in</marc:subfield>
   </marc:datafield>
   <marc:datafield ind1="1" ind2=" " tag="100">
      <marc:subfield code="a">Elisabeth Flickenschildt - Claire Zachanassian</marc:subfield>
   </marc:datafield>
   <marc:datafield ind1="1" ind2=" " tag="100">
      <marc:subfield code="a">Rolf Wanka - ihr Gatte</marc:subfield>
   </marc:datafield>
   <marc:datafield ind1=" " ind2=" " tag="653">
      <marc:subfield code="a">Tragische Komödie</marc:subfield>
   </marc:datafield>
   <marc:datafield ind1="0" ind2="0" tag="245">
      <marc:subfield code="a">Der Besuch der alten Dame</marc:subfield>
   </marc:datafield>
   <marc:datafield ind1="0" ind2="0" tag="245">
      <marc:subfield code="c">Friedrich Dürrenmatt</marc:subfield>
   </marc:datafield>
   <marc:datafield ind1=" " ind2="1" tag="264">
      <marc:subfield code="b">SWR MEDIA SERVICES</marc:subfield>
      <marc:subfield code="c">1959</marc:subfield>
   </marc:datafield>
   <marc:datafield ind1="1" ind2=" " tag="520">
      <marc:subfield code="a">Claire Zachanassian, eine erfolgreiche Geschäftsfrau, Weltbürgerin und Milliardärin, reist in die Stadt Güllen. Hier hat sie einst als Klara Wäscher gelebt, eine junge, schöne und lebenslustige Frau, die sich damals in Alfred III verliebt hatte. Er war für sie die einzigartige, die ganz große Liebe, ohne Zweifel. Nach einem schweren Verkehrsunfall, bei dem Klara bleibende Schäden davonträgt, lässt III sie für eine bessere Partie fallen, verrät sie, tritt ihre Gefühle mit Füßen und verleugnet sogar das gemeinsame, ungeborene Kind. Danach hat Klara alles verloren: ihre Gesundheit, ihr Baby, ihre Liebe und den Glauben an das Gute im Menschen. Aber sie kämpft. Brutal gegen sich selbst und andere. Den Luxus von Gefühlen untersagt sie sich. Im Alltag regierte ihr scharfer Verstand. Als Claire schafft sie es ganz nach oben. Glücklich ist sie nicht. Sie denkt an Rache, will Vergeltung an III üben. Sie weiß, dass die offene Rechnung noch beglichen werden muss. Deshalb reist sie wieder nach Güllen und macht den Bürgern der Stadt ein mörderisches Angebot ...</marc:subfield>
   </marc:datafield>
   <marc:datafield ind1=" " ind2=" " tag="020">
      <marc:subfield code="a">9787906019596</marc:subfield>
      <marc:subfield code="9">9787906019596</marc:subfield>
   </marc:datafield>
   <marc:datafield ind1="0" ind2=" " tag="490">
      <marc:subfield code="v">0</marc:subfield>
   </marc:datafield>
   <marc:datafield ind1=" " ind2=" " tag="300">
      <marc:subfield code="a">117 Min.</marc:subfield>
   </marc:datafield>
</marc:record>
